Исследование эффектов фотогравитационного взаимодействия звезд с межзвездной средой: автореферат диссертации на соискание ученой степени кандидата физико-математических наук; спец. 01.03.01

Dades bibliogràfiques
Autor principal: Аршинова В. А. Вера Алексеевна
Autor corporatiu: Академия наук СССР (АН СССР) Главная астрономическая обсерватория (ГАО)
Altres autors: Радзиевский В. В. (научный руководитель)
Sumari:Защита сост. 20.11.1981 г.
Idioma:rus
Publicat: Ленинград, [Б. и.], 1981
Matèries:
Format: Llibre
KOHA link:https://koha.lib.tpu.ru/cgi-bin/koha/opac-detail.pl?biblionumber=299966

MARC

LEADER 00000nam0a2200000 4500
001 299966
005 20231102001244.0
035 |a (RuTPU)RU\TPU\book\325119 
090 |a 299966 
100 |a 20150706d1981 k y0rusy50 ca 
101 0 |a rus 
102 |a RU 
105 |a y dm 001zy 
200 1 |a Исследование эффектов фотогравитационного взаимодействия звезд с межзвездной средой  |e автореферат диссертации на соискание ученой степени кандидата физико-математических наук  |e спец. 01.03.01  |f В. А. Аршинова  |g Академия наук СССР (АН СССР), Главная астрономическая обсерватория (ГАО) ; науч. рук. В. В. Радзиевский 
210 |a Ленинград  |c [Б. и.]  |d 1981 
215 |a 12 с. 
300 |a Защита сост. 20.11.1981 г. 
320 |a Библиогр.: с. 12 (9 назв.) 
606 1 |a Звезды  |2 stltpush  |3 (RuTPU)RU\TPU\subj\11456  |9 38388 
610 1 |a межзвездная среда 
610 1 |a фотогравитационное взаимодействие 
610 1 |a локальные газо-пылевые образования 
610 1 |a частицы 
610 1 |a пространственная плотность 
610 1 |a распределение 
610 1 |a закон распределения 
610 1 |a бинарные системы 
610 1 |a пылевое экранирование 
610 1 |a анизотропия 
610 1 |a авторефераты диссертаций 
675 |a 524.3(04)  |v 4 
686 |a 01.03.01  |2 oksvnk 
700 1 |a Аршинова  |b В. А.  |g Вера Алексеевна 
702 1 |a Радзиевский  |b В. В.  |4 727 
712 0 2 |a Академия наук СССР (АН СССР)  |b Главная астрономическая обсерватория (ГАО)  |c (Ленинград)  |2 stltpush  |3 (RuTPU)RU\TPU\col\21851 
801 1 |a RU  |b 63413507  |c 20150706 
801 2 |a RU  |b 63413507  |c 20190211  |g RCR 
942 |c BK